000 00499nam a2200169 4500
001 144612
003 ES-MaACL
005 20230906201046.0
007 t|
008 070214s1932 fr r ||||1| fre d
100 1 _aSimiand, François.
_9106472
245 1 3 _aLe salaire
_b: l'evolutions sociale et la monnaie /
_cFrançois Simiand.
260 _aParis :
_b[s.n.],
_c1932 (
_fLouis Bellenaud)
300 _aXXXII, 586 p. ;
_c25 cm.
500 _aes el tomo primero.
852 _aES-MaACL
_jB-13338
999 _c144612
_d144612